Loading...
| Philosophy | 0 | 6 | 1 | 0 | 55 | 82 | 112.00 | 1 | 5 | 9.02 | 29.55 |
| Social Science | 0 | 4 | 1 | 0 | 35 | 51 | 75.25 | 3 | 4 | 13.91 | 32.73 |
| Science - Other | 0 | 2 | 0 | 1 | 20 | 81 | 101.50 | 0 | 2 | 3.29 | 9.55 |
| History - Other | 0 | 2 | 0 | 1 | 20 | 103 | 108.50 | 1 | 1 | 3.86 | 10.91 |
| Literature - World | 0 | 2 | 1 | 0 | 15 | 100 | 121.50 | 0 | 2 | 2.66 | 10.91 |
| Religion | 0 | 2 | 1 | 1 | 15 | 95 | 99.50 | 0 | 2 | 3.75 | 8.18 |
| Literature - European | 0 | 1 | 0 | 0 | 10 | 148 | 148.00 | 0 | 1 | 0.00 | 1.82 |
| Mythology | 0 | 1 | 0 | 0 | 10 | 88 | 88.00 | 1 | 1 | 3.03 | 9.09 |
| Literature - British | 0 | 1 | 1 | 0 | 5 | 133 | 133.00 | 0 | 0 | -0.14 | 1.82 |
| Fine Arts - Other | 0 | 1 | 1 | 0 | 5 | 94 | 94.00 | 1 | 1 | 2.31 | 9.09 |
| History - World | 0 | 1 | 1 | 0 | 5 | 127 | 127.00 | 0 | 0 | 0.66 | 1.82 |
| History - European | 0 | 1 | 1 | 0 | 5 | 82 | 82.00 | 0 | 0 | 3.27 | 1.82 |
| Fine Arts - Classical Music | 0 | 1 | 2 | 0 | 0 | 137 | 137.00 | 0 | 0 | 0.00 | 3.64 |
| Fine Arts - Painting and Sculpture | 0 | 1 | 2 | 1 | 0 | 134 | 134.00 | 0 | 1 | 0.00 | 1.82 |
| Literature - American | 0 | 0 | 1 | 0 | -5 | 0.00 | 0 | 0 | 0.00 | 0.00 | |
| Science - Physics | 0 | 0 | 1 | 0 | -5 | 0.00 | 0 | 0 | 0.00 | 0.00 |